000
00187 a2200097 4500
020
_a
9781891327346
041
_a
spa
100
_a
Gago, Jenny
245
_a
El regalo perfecto
942
_c
BK
999
_c
30119
_d
30117